Airborne reconnaissance III : (collection and exploitation of reconnaissance data), March 28-29, 1978, Washington, D.C. /

Bibliographic Details
Corporate Author: Society of Photo-optical Instrumentation Engineers
Other Authors: Smith, John H., Freitag, Theodore C.
Format: Book
Language:English
Published: Bellingham, Wash. : Society of Photo-optical Instrumentation Engineers, [1978]
Series:Proceedings of SPIE--the International Society for Optical Engineering ; v. 137.
Subjects:
Online Access:https://www.spiedigitallibrary.org/conference-proceedings-of-SPIE/0137.toc

MARC

Tag First Indicator Second Indicator Subfields
LEADER 00000cam a2200000 i 4500
001 in00000079474
005 20230322214139.9
008 781010s1978 waua b 101 0 eng d
020 |a 0892521643 
035 |a (OCoLC)04283505 
035 |9 AAH5243AM 
040 |a YSM  |c YSM  |d TXA  |d UtOrBLW 
049 |a TXAM  |c [1243135] 
090 |a TR810  |b .A3 
245 0 0 |a Airborne reconnaissance III :  |b (collection and exploitation of reconnaissance data), March 28-29, 1978, Washington, D.C. /  |c John H. Smith, Theodore C. Freitag, editors. 
264 1 |a Bellingham, Wash. :  |b Society of Photo-optical Instrumentation Engineers,  |c [1978] 
264 4 |c ©1978 
300 |a vi, 206 pages :  |b illustrations ;  |c 28 cm. 
336 |a text  |b txt  |2 rdacontent 
337 |a unmediated  |b n  |2 rdamedia 
338 |a volume  |b nc  |2 rdacarrier 
490 1 |a Proceedings of the Society of Photo-optical Instrumentation Engineers ; v. 137 
504 |a Includes bibliographical references and indexes. 
650 0 |a Photographic reconnaissance systems  |x Congresses. 
700 1 |a Smith, John H. 
700 1 |a Freitag, Theodore C. 
710 2 |a Society of Photo-optical Instrumentation Engineers. 
830 0 |a Proceedings of SPIE--the International Society for Optical Engineering ;  |v v. 137. 
856 4 1 |u https://www.spiedigitallibrary.org/conference-proceedings-of-SPIE/0137.toc  |t 0 
999 |a MARS 
999 f f |s cf57d547-6020-35e6-ae69-f913cc5272aa  |i f9c5f753-cb5e-336a-8aa0-c43bb30d4e2d  |t 0 
952 f f |p ric  |a Texas A&M University  |b Rellis Campus  |c Joint Library Facility  |d Remote Storage  |t 0  |e TR810 .A3  |h Library of Congress classification  |i unmediated -- volume  |m A14805631609 
998 f f |a TR810 .A3  |t 0  |l Remote Storage